ბათუმის შოთა რუსთაველის სახელმწიფო უნივერსიტეტის ბიბლიოთეკა

სამრეწველო საწარმოთა ელექტრომომარაგება. (ბიბ.ჩანაწერი № 35342)

000 -LEADER
fixed length control field 00857nam a2200205Ia 4500
001 - CONTROL NUMBER
control field 1194
003 - CONTROL NUMBER IDENTIFIER
control field GE_BSU
008 - FIXED-LENGTH DATA ELEMENTS--GENERAL INFORMATION
fixed length control field 181216s||||||||xx |||||||||||||| ||und||
040 ## - CATALOGING SOURCE
Transcribing agency GE_BSU
080 ## - UNIVERSAL DECIMAL CLASSIFICATION NUMBER
Universal Decimal Classification number 621.311(075.8)
100 ## - MAIN ENTRY--PERSONAL NAME
Personal name ლორთქიფანიძე ნ.
245 ## - TITLE STATEMENT
Title სამრეწველო საწარმოთა ელექტრომომარაგება.
245 ## - TITLE STATEMENT
Remainder of title სახელმძღვანელო პოლიტექნიკური ინსტიტუტის სტუდენტებისათვის.
260 ## - PUBLICATION, DISTRIBUTION, ETC.
Place of publication, distribution, etc. თბილისი.
260 ## - PUBLICATION, DISTRIBUTION, ETC.
Name of publisher, distributor, etc. განათლება.
300 ## - PHYSICAL DESCRIPTION
Extent 436გვ. 21 სმ.
653 ## - INDEX TERM--UNCONTROLLED
Uncontrolled term სამრეწველო საწარმოთა ელექტრომომარაგება.
942 ## - ADDED ENTRY ELEMENTS (KOHA)
Koha item type წიგნი
ეგზემპლარები
Withdrawn status Lost status Damaged status Not for loan Date acquired Barcode Date last seen Price effective from Koha item type
        2018-12-17 2811 2018-12-17 2018-12-17 წიგნი